Ako sa nepomýliť pri kúpe franchisingovej licencie

Pokračovanie článku z predchádzajúceho čísla. Použitie overeného úspešného podnikateľského konceptu pre vlastné podnikanie a kúpa franchisingovej licencie (franšízy). Zásady pri kúpe franšízy. Výber a dohodnutie podmienok.

Salvato in:
Dettagli Bibliografici
Autore principale: Šétaffy, Jozef
Natura: Capitolo di libro
Lingua:slovacco
Soggetti:
Tags: Aggiungi Tag
Nessun Tag, puoi essere il primo ad aggiungerne!!

MARC

LEADER 00000naa a2200000 4500
001 0231335
005 20221104113021.5
041 0 |a slo 
044 |a SK 
245 1 0 |a Ako sa nepomýliť pri kúpe franchisingovej licencie  |c Jozef Šétaffy 
520 |a Pokračovanie článku z predchádzajúceho čísla. Použitie overeného úspešného podnikateľského konceptu pre vlastné podnikanie a kúpa franchisingovej licencie (franšízy). Zásady pri kúpe franšízy. Výber a dohodnutie podmienok. 
610 2 0 |a franšíza 
610 2 0 |a franchising 
610 2 0 |a technika obchodná 
610 2 0 |a podnikanie 
610 2 0 |a financovanie 
610 2 0 |a zmluvy licenčné 
610 2 0 |a podmienky obchodné 
610 2 0 |a know-how 
100 1 |a Šétaffy, Jozef